Statistics for 'tis the damn season - Taylor Swift (All Lyrics)

Click here to take the quiz!

General Stats

  • This quiz has been taken 44 times
  • The average score is 368 of 409

Answer Stats

Lyrics% Correct
damn
100%
I
100%
season,
100%
season
100%
the
100%
The
100%
this
100%
'Tis
100%
write
100%
an
97%
And
97%
and
97%
"babe"
97%
call
97%
could
97%
down
97%
even
97%
Even
97%
for
97%
house
97%
I'm
97%
it
97%
It
97%
me
97%
my
97%
now
97%
Now
97%
stay
97%
We
97%
we
97%
weekend
97%
You
97%
you
97%
you,
97%
at
94%
be
94%
go
94%
good
94%
hear
94%
If
94%
if
94%
know
94%
looks
94%
on
94%
parents'
94%
road
94%
stayin'
94%
to
94%
To
94%
when
94%
is
91%
out
91%
real
91%
smile,
91%
so
91%
So
91%
Time
91%
Who
91%
who
91%
your
91%
back
88%
called
88%
ever
88%
I'll
88%
in
88%
It's
88%
it's
88%
LA
88%
not
88%
that
88%
wanted
88%
were
88%
with
88%
about
85%
always
85%
as
85%
ask
85%
breakin'
85%
can
85%
don't
85%
fakin'
85%
friends
85%
heart
85%
I've
85%
just
85%
leave
85%
make
85%
of
85%
own
85%
smiles
85%
taken
85%
which
85%
all
82%
asked
82%
bed
82%
books
82%
by
82%
flies,
82%
hanging
82%
hometown
82%
known
82%
leads
82%
missing
82%
only
82%
tell
82%
warmest
82%
was
82%
won't
82%
would've
82%
around
79%
But
79%
but
79%
car
79%
gone,
79%
kind
79%
okay
79%
right
79%
same
79%
though
79%
truck
79%
While
79%
Who'll
79%
yours
79%
ache
76%
leaving
76%
Methodist
76%
old
76%
parked
76%
ride
76%
there
76%
There's
76%
between
73%
day
73%
like
73%
ours
73%
passed
73%
put
73%
sake
73%
school
73%
soul
73%
times'
73%
used
73%
wait
73%
wonder
73%
half
70%
messy
70%
mud
70%
Sleep
70%
tires
70%
bad
67%
felt
67%
linger
67%
perfume
67%
holiday's
64%
too,
64%
cold,
61%
far
61%
how
61%
run,
61%
up
61%
watched
61%
escaped
58%
fogs
58%
glass
58%
remember
55%
windshield
55%

Score Distribution

Percentile by Number Answered

Percent of People with Each Score

Your Score History

You have not taken this quiz